10 relatos de viajes

Uloženo v:
Podrobná bibliografie
Hlavní autor: Proyectos editoriales y audiovisuales CBS (Autor)
Médium: Kniha
Jazyk:španělština
Vydáno: Barcelona Plaza y janes 1996
Vydání:3a. ed
Edice:Colección diez relatos
Témata:
Tagy: Přidat tag
Žádné tagy, Buďte první, kdo vytvoří štítek k tomuto záznamu!

MARC

LEADER 00000nam a2200000 a 4500
001 UCH8195
003 CL-VaPUC
008 091127e19960000SP |||||||||||||||||spa|d
020 |a 8401540046 
082 0 4 |a 808.3  |b PRO  |2 21 
100 0 |a Proyectos editoriales y audiovisuales CBS  |e author  |9 544649 
245 1 0 |a 10 relatos de viajes 
250 |a 3a. ed 
300 |a 210 p 
942 |c BK 
945 |d 20091127 00:00:00  |a ccalabra 
260 |a Barcelona  |b Plaza y janes  |c 1996 
650 0 |a Literatura  |9 259151 
650 0 |a Literatura juvenil   |9 309909 
650 7 |a LITERATURA DE FICCION  |2 CL-VaPUC  |9 334228 
650 0 |a Escritores  |9 313723 
650 0 |a Ficción   |9 376687 
650 0 |a Lectura  |9 307634 
650 0 |a Narrativa  |9 336727 
583 |a last modification  |c 20091127 00:00:00  |k Rodrigo Vera 
490 0 |a Colección diez relatos 
999 |c 338429  |d 338427